000 02668cam a2200253 4500500
005 20260405004952.0
041 _afre
042 _adc
100 1 0 _aLe Néchet, Florent
_eauthor
245 0 0 _aLe Grand Contournement de Paris, trop loin et trop proche de Paris ? Jeux d’échelles et diversité des dynamiques du polycentrisme du Bassin Parisien (1982-2015)
260 _c2021.
500 _a59
520 _aNous nous interrogeons dans cet article sur les liens, à la fois à l’échelle locale et à l’échelle de la « méga-cité polycentrique » parisienne, entre croissance des réseaux de transport (routier, principalement), étalement urbain et fonctionnement polycentrique de la métropole parisienne. Les résultats suggèrent une diversité des formes d’émergence du polycentrisme autour de Paris, selon des corridors bien distincts. A l’échelle locale, les autoroutes radiales concourent à la mutation de pôles intermédiaires attirant des flux depuis Paris et depuis les principales métropoles du Bassin Parisien, tandis que, plus loin de l’attraction de la métropole parisienne, elles semblent favoriser un développement résidentiel et globalement une maturation du système de villes local. Spécifiquement, la rocade dite « Grand Contournement de Paris » ne semble pas jouer de rôle structurant sur la dynamique du Bassin Parisien, sauf pour les territoires les plus éloignés de Paris.
520 _aThis article studies the links, both at the local and regional levels, between the expansion of motorway networks, urban sprawl and the polycentric functioning of the Paris region. The results suggest a diversity of forms of emergence of polycentrism around Paris along very distinct corridors. At the local level, radial routes contribute to the transformation of intermediate poles attracting commuting flows from Paris and from the main cities of the Paris region. Further afield, motorway expansion appears to favour residential development and overall a growth of a local system of cities. In particular, the so-called ‘Paris Basin’ ring road does not seem to play a structuring role in the dynamics of the Paris region, except for the areas furthest from Paris.
690 _aaccessibilité
690 _aBassin Parisien
690 _acoévolution transport / territoire
690 _aeffets structurants des transports
690 _aaccessibility
690 _aParis region
690 _atransportation / land use interaction
786 0 _nFlux | 122 | 4 | 2021-01-04 | p. 26-52 | 1154-2721
856 4 1 _uhttps://shs.cairn.info/revue-flux-2020-4-page-26?lang=fr&redirect-ssocas=7080
999 _c2079894
_d2079894